| 000 | 00653nam a22002177a 4500 | ||
|---|---|---|---|
| 999 |
_c2879 _d2879 |
||
| 001 | 2947 | ||
| 003 | BD-DhUAP | ||
| 005 | 20200229121434.0 | ||
| 008 | 200229s1998 enka|||| |||| 000 0 eng d | ||
| 020 | _a3764357339 | ||
| 020 | _a0817657339 | ||
| 040 |
_aBD-DhUAP _bEng _cBD-DhUAP _dBD-DhUAP |
||
| 082 |
_223 _a720.922 KAP |
||
| 100 | _aKäpplinger, Claus. | ||
| 245 |
_aHansen + Petersen : _bsystems : buildings 1988-1998 / _cClaus Käpplinger. |
||
| 260 |
_aBasel : _bBirkhäuser Verlag, _cc1998. |
||
| 300 |
_a157 pages : _billustrations ; _c28 cm. |
||
| 600 |
_aHansen + Petersen _vArchitects. |
||
| 650 | _aArchitecture, Modern. | ||
| 942 |
_2ddc _cBK |
||